IPL Teams - Statistics

General Stats
  • This quiz has been taken 265 times
  • The average score is 12 of 15
Answer Stats
Tenure Team % Correct
2008 - current Chennai Super Kings
95%
2008 - current Mumbai Indians
92%
2008 - current Kolkata Knight Riders
89%
2008 - current Rajasthan Royals
89%
2008 - current Royal Challengers Bangalore
89%
2008 - current Delhi Capitals
88%
2022 - current Gujarat Titans
88%
2013 - current Sunrisers Hyderabad
88%
2022 - current Lucknow Super Giants
82%
2008 - current Punjab Kings
78%
2008 - 2012 Deccan Chargers
75%
2016 - 2017 Rising Pune Supergiants
69%
2016 - 2017 Gujarat Lions
66%
2011 - 2013 Pune Warriors India
57%
2011 Kochi Tuskers Kerala
48%
No matching quizzes found
Score Distribution
Percent of People with Each Score
Percentile by Number Answered
Your Score History
You have not taken this quiz